[Event "Buenos Aires Faogba 36th"]
[Site "Buenos Aires"]
[Date "2019.11.19"]
[Round "4.4"]
[White "Tomeo, Nicolas"]
[Black "De Cesare, Ricardo"]
[Result "1-0"]
[WhiteElo "2115"]
[BlackElo "1960"]
[PlyCount "79"]
[EventDate "2019.11.07"]
[EventType "swiss"]
[EventRounds "7"]
[EventCountry "ARG"]
[SourceTitle "EXT 2024"]
[Source "ChessBase"]
[SourceDate "2023.10.10"]
[SourceVersion "1"]
[SourceVersionDate "2023.10.10"]
[SourceQuality "1"]

1. d4 Nf6 2. c4 c5 3. d5 d6 4. Nc3 g6 5. e4 Bg7 6. f4 Nfd7 7. Nf3 Na6 8. Be3 Nc7 9. Be2 0-0 10. 0-0 Rb8 11. Kh1 Nf6 12. Ne1 Bd7 13. a4 a6 14. a5 b5 15. axb6 Rxb6 16. Nd3 Qc8 17. e5 Ng4 18. Bg1 Nh6 19. b4 Rxb4 20. Nxb4 cxb4 21. Na4 Nf5 22. Nb6 Qe8 23. g4 Nh6 24. Bd4 Bc8 25. h3 Bb7 26. Qd2 Ne6 27. Be3 dxe5 28. fxe5 Qd8 29. Qxb4 Qc7 30. Bf3 Qxe5 31. Qd2 g5 32. Nd7 Qg3 33. Rab1 Qxh3+ 34. Qh2 Qxh2+ 35. Kxh2 Ba8 36. Nxf8 Be5+ 37. Kg2 Nxf8 38. Bxg5 Kg7 39. Rfe1 Ng6 40. Rb6 1-0

[Event "Moron Philidor CC A 6th"]
[Site "Moron"]
[Date "2019.??.??"]
[Round "3.1"]
[White "De Cesare, Ricardo"]
[Black "Roguin, Nestor H"]
[Result "0-1"]
[WhiteElo "1960"]
[BlackElo "1978"]
[PlyCount "104"]
[EventDate "2019.01.31"]
[EventType "swiss"]
[EventRounds "5"]
[EventCountry "ARG"]
[SourceTitle "EXT 2024"]
[Source "ChessBase"]
[SourceDate "2023.10.10"]
[SourceVersion "1"]
[SourceVersionDate "2023.10.10"]
[SourceQuality "1"]

1. e4 c5 2. Nf3 Nc6 3. d4 cxd4 4. Nxd4 Nf6 5. Nc3 e5 6. Nf3 Bb4 7. Bc4 0-0 8. 0-0 Bxc3 9. bxc3 d6 10. Qd3 Qe7 11. a4 Be6 12. Bxe6 Qxe6 13. a5 d5 14. exd5 Qxd5 15. Qe2 e4 16. Ng5 h6 17. Nh3 Rfd8 18. Be3 Qe5 19. f3 Nd5 20. Rae1 Qxc3 21. Qf2 Nxe3 22. Rxe3 Qxa5 23. fxe4 Qa2 24. Rb3 Rd7 25. Qf5 Re7 26. Rg3 Qe6 27. Nf4 Qxf5 28. exf5 Nd4 29. Nd5 Ne2+ 30. Kf2 Nxg3 31. Nxe7+ Kf8 32. Re1 Nh5 33. Nd5 a5 34. g4 Nf6 35. Nxf6 gxf6 36. Re3 a4 37. Ra3 Ke7 38. Ke3 Kd6 39. Kd4 b5 40. c3 Rc8 41. h3 Rc4+ 42. Kd3 Kc5 43. Ra1 h5 44. Re1 hxg4 45. hxg4 a3 46. Kc2 b4 47. Kb3 Rxc3+ 48. Ka2 Rc2+ 49. Kb3 Rb2+ 50. Ka4 a2 51. Rc1+ Kd4 52. Ra1 b3 0-1

[Event "Caba Legislatura Cup"]
[Site "Caba"]
[Date "2018.04.09"]
[Round "4"]
[White "Villegas, Franco"]
[Black "De Cesare, Ricardo"]
[Result "1-0"]
[WhiteElo "2249"]
[BlackElo "1994"]
[PlyCount "69"]
[EventDate "2018.04.06"]
[EventType "swiss"]
[EventRounds "9"]
[EventCountry "ARG"]
[SourceTitle "CBM 184 Extra"]
[Source "ChessBase"]
[SourceDate "2018.06.28"]
[SourceVersion "1"]
[SourceVersionDate "2018.06.28"]
[SourceQuality "1"]

1. d4 Nf6 2. c4 g6 3. Nc3 d5 4. cxd5 Nxd5 5. e4 Nxc3 6. bxc3 Bg7 7. Nf3 c5 8. Be2 0-0 9. Rb1 Nc6 10. d5 Na5 11. c4 b6 12. 0-0 Qc7 13. Bd2 Nb7 14. Qc1 Nd6 15. e5 Nf5 16. Bf4 Qd7 17. Rd1 h5 18. h3 Bb7 19. g4 hxg4 20. hxg4 Nd4 21. Nxd4 cxd4 22. Rxd4 Rac8 23. Qe3 Rc5 24. Bh6 e6 25. Rbd1 Re8 26. Bxg7 Kxg7 27. Qg5 Qe7 28. Qxe7 Rxe7 29. f4 g5 30. Bf3 Ba6 31. f5 exf5 32. d6 Rd7 33. Bd5 f4 34. Re1 b5 35. Bxf7 1-0

[Event "Moron Faogba op"]
[Site "Moron"]
[Date "2018.03.10"]
[Round "5"]
[White "De Cesare, Ricardo"]
[Black "Migliavacca, Carlos"]
[Result "0-1"]
[WhiteElo "1988"]
[BlackElo "1825"]
[PlyCount "32"]
[EventDate "2018.03.03"]
[EventType "swiss"]
[EventRounds "7"]
[EventCountry "ARG"]
[SourceTitle "CBM 183 Extra"]
[Source "ChessBase"]
[SourceDate "2018.04.19"]
[SourceVersion "1"]
[SourceVersionDate "2018.04.19"]
[SourceQuality "1"]

1. e4 c6 2. d4 d5 3. Nc3 dxe4 4. Nxe4 Bf5 5. Ng3 Bg6 6. Nf3 e6 7. Ne5 Bd6 8. Nxg6 hxg6 9. Ne4 Bc7 10. h3 Nf6 11. Ng5 Nbd7 12. Bd3 Qe7 13. c3 0-0-0 14. Qf3 e5 15. Kf1 Rhe8 16. Bd2 e4 0-1

[Event "Philidor CC op 14th"]
[Site "Moron"]
[Date "2017.07.22"]
[Round "3"]
[White "De Cesare, Ricardo"]
[Black "Ruiz Diaz, Alfredo"]
[Result "1-0"]
[WhiteElo "2005"]
[BlackElo "1830"]
[PlyCount "57"]
[EventDate "2017.07.18"]
[EventType "swiss"]
[EventRounds "7"]
[EventCountry "ARG"]
[SourceTitle "EXT 2019"]
[Source "ChessBase"]
[SourceDate "2018.10.10"]
[SourceVersion "1"]
[SourceVersionDate "2018.10.10"]
[SourceQuality "1"]

1. c4 e5 2. Nc3 Nc6 3. Nf3 Bc5 4. g3 Nf6 5. d3 d6 6. Bg2 Bg4 7. a3 a6 8. 0-0 h6 9. Bd2 Qd7 10. b4 Bb6 11. b5 Ne7 12. Qb3 Bh3 13. Na4 Bxg2 14. Kxg2 0-0 15. Nxb6 cxb6 16. e4 Qc7 17. Rfb1 a5 18. Qd1 Nd7 19. Nh4 Kh7 20. Qe2 Nc5 21. Be3 Qd7 22. Rf1 f5 23. f4 exf4 24. Bxf4 Rae8 25. Be3 fxe4 26. Bxc5 bxc5 27. Qxe4+ Kh8 28. Rxf8+ Rxf8 29. Qxe7 1-0